000 01444cam a2200337 a 4500
001 EDZ0000072134
003 StDuBDS
005 20161031105126.0
006 m||||||||d||||||||
007 cr |||||||||||
008 120412s2008 caua fo| 001|0|eng|d
020 _a9781446211960 (ebook) :
_cNo price
040 _aStDuBDS
_beng
_cStDuBDS
_epn
049 _aAlfaisal Main Library
050 0 _aBF721
_b.H264 2008
082 0 4 _a155
_223
100 1 _aHarris, Margaret,
_d1951-
245 1 0 _aExploring developmental psychology
_h[electronic resource] :
_bunderstanding theory and methods /
_cMargaret Harris.
260 _aLos Angeles, [Calif.] ;
_aLondon :
_bSAGE,
_c2008.
300 _a1 online resource (xiv, 345 p.) :
_bill.
520 8 _aA wide range of techniques is used to investigate children's development. This book, which is aimed at advanced undergraduates and postgraduate students in psychology and relates areas, provides a guide to key theories and methods used by researchers.
521 _aSpecialized.
588 _aDescription based on print version record.
504 _aIncludes bibliographical references and index.
650 0 _aDevelopmental psychology.
655 7 _aElectronic books.
_2local
710 2 _aSage eBooks
776 0 8 _iPrint version :
_z9781412903356
856 4 0 _uhttp://ezproxy.alfaisal.edu/login?url=http://sk.sagepub.com/books/exploring-developmental-psychology
942 _2lcc
_cEBOOKS
999 _c479852
_d479852